000
00224nam a22000857a 4500
008
160708b xxu||||| |||| 00| 0 eng d
100
_9
2413
_a
Young, E.C
245
_a
Dictionary of Electronics
260
_a
England
_b
Penguin
_c
1988
999
_c
2088
_d
2088